[Event "aut_ychb14 St. Georgen"]
[Site "?"]
[Date "2007.??.??"]
[Round "3.9"]
[White "Liao, Kevin"]
[Black "Mueller, Sebastian"]
[Result "1-0"]
[WhiteElo "1683"]
[BlackElo "1395"]
[PlyCount "61"]
[EventDate "2007.05.26"]

1. d4 d5 2. Nf3 Nf6 3. c4 dxc4 4. Nc3 Bf5 5. Bg5 Nc6 6. e3 e6 7. e4 Bg4 8. e5
h6 9. Be3 Nd5 10. Bxc4 Bb4 11. Bxd5 Qxd5 12. O-O Bxc3 13. bxc3 Bxf3 14. Qxf3
Qxf3 15. gxf3 O-O-O 16. Kh1 Ne7 17. a4 Kb8 18. a5 a6 19. Rfb1 f6 20. f4 Nd5 21.
Rb3 Nxe3 22. fxe3 fxe5 23. fxe5 c6 24. Rb6 Rhe8 25. Rab1 Rd7 26. Rxa6 Kc7 27.
Rab6 Kd8 28. Rxb7 Rxb7 29. Rxb7 Re7 30. Rxe7 Kxe7 31. a6 1-0

[Event "aut_ychb14 St. Georgen"]
[Site "?"]
[Date "2007.??.??"]
[Round "3.10"]
[White "Guetz, Andreas"]
[Black "Mrakotsky, Mario"]
[Result "1/2-1/2"]
[WhiteElo "1527"]
[BlackElo "1648"]
[PlyCount "44"]
[EventDate "2007.05.26"]

1. e4 c5 2. Nf3 Nc6 3. d4 cxd4 4. Nxd4 e5 5. Nb5 d6 6. N1c3 a6 7. Na3 b5 8. Nd5
Nf6 9. Bg5 Be7 10. Bxf6 Bxf6 11. Be2 O-O 12. O-O Bb7 13. c3 Bg5 14. b4 Ne7 15.
Nc2 Nxd5 16. exd5 Rc8 17. a4 Rxc3 18. axb5 axb5 19. Bxb5 Qb6 20. Bd3 Rfc8 21.
Ra2 Qc7 22. Qf3 Qe7 1/2-1/2

[Event "aut_ychb14 St. Georgen"]
[Site "?"]
[Date "2007.??.??"]
[Round "4.1"]
[White "Halvax, Georg"]
[Black "Azad, Razik"]
[Result "0-1"]
[WhiteElo "2008"]
[BlackElo "1974"]
[PlyCount "118"]
[EventDate "2007.05.26"]

1. e4 c5 2. Nf3 d6 3. d4 cxd4 4. Nxd4 Nf6 5. Nc3 a6 6. Be3 e5 7. Nb3 Be6 8. f3
Nbd7 9. Qd2 Be7 10. O-O-O b5 11. g4 O-O 12. g5 b4 13. Ne2 Ne8 14. f4 a5 15. f5
a4 16. Nbd4 exd4 17. Nxd4 b3 18. Kb1 bxc2+ 19. Nxc2 Bb3 20. axb3 axb3 21. Na3
Ne5 22. h4 Ra5 23. Qb4 Qa8 24. Bb6 Ra4 25. Qxb3 Qxe4+ 26. Bd3 Nxd3 27. Qxd3 Qb7
28. Rde1 d5 29. Rxe7 Qxe7 30. Qxd5 Qd6 31. Qc5 Qd3+ 32. Kc1 Rf4 33. Rd1 Rf1 34.
Rxf1 Qxf1+ 35. Kc2 Qe2+ 36. Kc3 Qe1+ 37. Kc2 Qe4+ 38. Kc1 f6 39. g6 hxg6 40.
fxg6 Qxg6 41. b4 Qh6+ 42. Kc2 Qxh4 43. Qd5+ Rf7 44. Qe6 Qh2+ 45. Kb3 Qe5 46.
Qc8 Re7 47. Nc4 Qe6 48. Qxe6+ Rxe6 49. b5 Nd6 50. Nxd6 Rxd6 51. Bc7 Rd1 52. b6
Rb1+ 53. Kc4 Kf7 54. Kd5 Ke7 55. Kc6 Re1 56. Kb7 Kd7 57. Bf4 Rb1 58. Be3 g5 59.
Ka8 Kc6 0-1

[Event "aut_ychb14 St. Georgen"]
[Site "?"]
[Date "2007.??.??"]
[Round "4.2"]
[White "Schnegg, Martin"]
[Black "Schnegg, Daniel"]
[Result "1/2-1/2"]
[WhiteElo "1904"]
[BlackElo "1924"]
[PlyCount "111"]
[EventDate "2007.05.26"]

1. e4 c5 2. f4 e6 3. Nf3 Nc6 4. d3 g6 5. g3 Bg7 6. Bg2 Nge7 7. O-O O-O 8. c3 d5
9. e5 b6 10. d4 cxd4 11. cxd4 Ba6 12. Re1 Nb4 13. Qa4 Nec6 14. a3 Nd3 15. Qxa6
Nxe1 16. Nxe1 Nxd4 17. Qd3 Qc7 18. Bd2 Nf5 19. Nc3 h5 20. Rc1 Qe7 21. Nc2 Rac8
22. Nb5 Rc4 23. Bb4 Qd7 24. Bxf8 Bxf8 25. Nc3 Qc8 26. Na2 Bc5+ 27. Kf1 Be7 28.
Ke2 Qc5 29. b4 Qc7 30. Bh3 a5 31. Bxf5 gxf5 32. Qd2 Qb7 33. Nd4 Qa8 34. Rxc4
dxc4 35. Nf3 axb4 36. axb4 Qb7 37. b5 Bc5 38. Nc3 Qa8 39. Qa2 Qb7 40. Qxc4 Qa7
41. Qa2 Qb7 42. Qa6 Qd7 43. Qa8+ Kg7 44. Qa4 Qe7 45. Qc4 Qa7 46. Na4 Bf8 47.
Kf2 Be7 48. Kg2 Bd8 49. Nc3 Qa3 50. Ne2 Be7 51. Qc7 Qa2 52. Kf1 Qb1+ 53. Kg2
Qa2 54. Kf1 Qb1+ 55. Qc1 Qxb5 56. Ng5 1/2-1/2

[Event "aut_ychb14 St. Georgen"]
[Site "?"]
[Date "2007.??.??"]
[Round "4.3"]
[White "Hartl, Daniel"]
[Black "Riemelmoser, Stefan"]
[Result "1/2-1/2"]
[WhiteElo "1969"]
[BlackElo "1717"]
[PlyCount "92"]
[EventDate "2007.05.26"]

1. e4 e6 2. d4 d5 3. Nc3 Bb4 4. e5 c5 5. a3 Bxc3+ 6. bxc3 Ne7 7. a4 Bd7 8. Nf3
Qa5 9. Bd2 Nbc6 10. Bb5 a6 11. Be2 O-O-O 12. O-O f6 13. c4 Qc7 14. cxd5 Nxd5
15. c4 Nde7 16. dxc5 Nxe5 17. Nxe5 Qxe5 18. Ba5 Bc6 19. Bxd8 Rxd8 20. Qe1 Qg5
21. f3 Ng6 22. Rd1 Nf4 23. g3 Nh3+ 24. Kg2 Nf4+ 25. Kh1 Nh3 26. Rxd8+ Kxd8 27.
Qd1+ Kc8 28. Qd4 e5 29. Qh4 Qf5 30. g4 Qc2 31. Bd1 Qxd1 32. Qxh3 Qe2 33. Kg1 e4
34. g5+ Kb8 35. gxf6 gxf6 36. fxe4 Qxe4 37. Qg3+ Ka7 38. Rxf6 Qd4+ 39. Qf2 Qd1+
40. Qf1 Qd4+ 41. Rf2 Qg4+ 42. Rg2 Bxg2 43. Qxg2 Qxc4 44. Qf2 Qg4+ 45. Kf1 Qd1+
46. Kg2 Qg4+ 1/2-1/2

[Event "aut_ychb14 St. Georgen"]
[Site "?"]
[Date "2007.??.??"]
[Round "4.4"]
[White "Kozomara, David"]
[Black "Wertjanz, David"]
[Result "1/2-1/2"]
[WhiteElo "1748"]
[BlackElo "1885"]
[PlyCount "77"]
[EventDate "2007.05.26"]

1. e4 c5 2. Nf3 d6 3. d4 cxd4 4. Nxd4 Nf6 5. Nc3 a6 6. Be2 e5 7. Nb3 Be7 8. O-O
O-O 9. Kh1 Nbd7 10. a4 b6 11. Be3 Bb7 12. f3 Rc8 13. Rf2 Rc7 14. Bf1 Qa8 15.
Rd2 h6 16. Nc1 Rxc3 17. bxc3 d5 18. exd5 Nxd5 19. Rd3 f5 20. c4 Nxe3 21. Rxe3
Bc5 22. Re1 Rd8 23. Qe2 f4 24. Nb3 Be3 25. Red1 e4 26. Nd2 exf3 27. Nxf3 Nf6
28. Rxd8+ Qxd8 29. Ra3 Ne4 30. Rxe3 fxe3 31. Qxe3 Qd1 32. Ne1 Nc5 33. Kg1 Be4
34. a5 bxa5 35. Nd3 Bxd3 36. cxd3 Nb3 37. Qe8+ Kh7 38. Qe4+ Kg8 39. Qe8+
1/2-1/2

[Event "aut_ychb14 St. Georgen"]
[Site "?"]
[Date "2007.??.??"]
[Round "4.5"]
[White "Kammerer, Gernot"]
[Black "Handler, Lukas"]
[Result "1-0"]
[WhiteElo "1687"]
[BlackElo "1630"]
[PlyCount "53"]
[EventDate "2007.05.26"]

1. e4 c6 2. d4 d5 3. e5 c5 4. dxc5 Nc6 5. Nf3 e6 6. Be3 Bxc5 7. Bxc5 Qa5+ 8. b4
Nxb4 9. Bxb4 Qxb4+ 10. Nbd2 Ne7 11. Rb1 Qa3 12. Bb5+ Nc6 13. Bxc6+ bxc6 14. O-O
Qxa2 15. Nd4 Qa6 16. Qg4 Rg8 17. Ra1 Qb6 18. Rfb1 Qc7 19. Qg3 Bd7 20. Rb2 a6
21. Ne2 c5 22. Rab1 Bc6 23. c4 d4 24. Nc1 Qa7 25. Nd3 Rc8 26. Qh4 h6 27. Ne4
1-0

[Event "aut_ychb14 St. Georgen"]
[Site "?"]
[Date "2007.??.??"]
[Round "4.6"]
[White "Dimitriadis, Philipp"]
[Black "Lehner, Konrad"]
[Result "0-1"]
[WhiteElo "1718"]
[BlackElo "1724"]
[PlyCount "32"]
[EventDate "2007.05.26"]

1. e4 c5 2. Nf3 Nc6 3. d4 cxd4 4. Nxd4 g6 5. Nc3 Bg7 6. Be3 Nf6 7. Bc4 O-O 8.
O-O Nxe4 9. Nxe4 d5 10. Nxc6 bxc6 11. Nd2 dxc4 12. Nxc4 Be6 13. b3 Bxc4 14.
bxc4 Bxa1 15. Qxa1 f6 16. Rd1 Qc7 0-1

[Event "aut_ychb14 St. Georgen"]
[Site "?"]
[Date "2007.??.??"]
[Round "4.7"]
[White "Moerwald, Stefan"]
[Black "Liao, Kevin"]
[Result "1-0"]
[WhiteElo "1562"]
[BlackElo "1683"]
[PlyCount "151"]
[EventDate "2007.05.26"]

1. e4 c6 2. d4 d5 3. exd5 cxd5 4. Nf3 Nc6 5. Be3 Bf5 6. Bd3 Bxd3 7. Qxd3 Nf6 8.
Nbd2 e6 9. c3 Bd6 10. O-O O-O 11. Rfe1 Re8 12. Rac1 Qb6 13. b4 a6 14. a3 Qd8
15. c4 Rc8 16. c5 Be7 17. Rb1 b5 18. cxb6 Qxb6 19. Ne5 Qb5 20. Qxb5 axb5 21.
Nxc6 Rxc6 22. Rbc1 Rec8 23. Nb3 Bd6 24. Nc5 Ng4 25. h3 Nxe3 26. fxe3 Bxc5 27.
bxc5 Ra8 28. Rb1 Rb8 29. Rb3 g6 30. a4 b4 31. Reb1 Ra8 32. Rxb4 Rca6 33. Rb8+
Rxb8 34. Rxb8+ Kg7 35. Rb4 Kf6 36. Kf2 Ra7 37. Kf3 h6 38. c6 Rc7 39. Rb6 Ke7
40. a5 Kd6 41. a6 Rxc6 42. a7 Rxb6 43. a8=Q Rb1 44. Qd8+ Kc6 45. Qa8+ Kd6 46.
Qa3+ Kd7 47. Kf2 Rb7 48. Qa4+ Ke7 49. Qc6 Rd7 50. g3 h5 51. Kf3 Rd8 52. Qc7+
Rd7 53. Qf4 Rb7 54. Qg5+ Ke8 55. g4 hxg4+ 56. Qxg4 Rb1 57. Kf4 Rf1+ 58. Ke5 Rb1
59. Kd6 Rb6+ 60. Kc7 Ra6 61. Qh4 Ra7+ 62. Kd6 Ra6+ 63. Ke5 Ra7 64. Qh8+ Kd7 65.
Qf8 Kc6 66. Qc5+ Kb7 67. Kd6 Kb8 68. h4 Rb7 69. Ke5 Rd7 70. Kf6 Kb7 71. Qf8 e5
72. dxe5 Kc6 73. Qxf7 Rxf7+ 74. Kxf7 d4 75. exd4 g5 76. hxg5 1-0

[Event "aut_ychb14 St. Georgen"]
[Site "?"]
[Date "2007.??.??"]
[Round "4.8"]
[White "Matt, Fabian"]
[Black "Salzer, Tobias"]
[Result "1/2-1/2"]
[WhiteElo "1509"]
[BlackElo "1427"]
[PlyCount "89"]
[EventDate "2007.05.26"]

1. e4 e5 2. Nf3 Nc6 3. Nc3 Nf6 4. d4 exd4 5. Nxd4 Bb4 6. Nxc6 bxc6 7. Bd3 d5 8.
exd5 cxd5 9. O-O O-O 10. Bg5 Be6 11. Bxf6 Qxf6 12. Nxd5 Bxd5 13. Qh5 g6 14.
Qxd5 Qxb2 15. Rfb1 Qc3 16. Qb3 Rab8 17. a3 Qxb3 18. cxb3 Bc3 19. Ra2 Rfd8 20.
Bc4 Rd4 21. Rc1 Ba5 22. Re2 Kf8 23. b4 c5 24. b5 a6 25. a4 axb5 26. Bxb5 c4 27.
Rec2 c3 28. Kf1 Rc8 29. f3 Rc7 30. g3 Rd2 31. Rxd2 cxd2 32. Rd1 Re7 33. Be2 f5
34. f4 Ke8 35. Rb1 Rc7 36. Bd1 Kd7 37. Rb5 Ra7 38. Ke2 Kc6 39. Kf1 h6 40. h3 h5
41. h4 Kd6 42. Kf2 Ra6 43. Kf1 Kc6 44. Bf3+ Kc7 45. Bd1 1/2-1/2

[Event "aut_ychb14 St. Georgen"]
[Site "?"]
[Date "2007.??.??"]
[Round "4.9"]
[White "Mrakotsky, Mario"]
[Black "Gerhold, Christoph"]
[Result "0-1"]
[WhiteElo "1648"]
[BlackElo "1689"]
[PlyCount "116"]
[EventDate "2007.05.26"]

1. e4 c5 2. Nf3 Nc6 3. c3 d5 4. exd5 Qxd5 5. d4 Bg4 6. Be2 e6 7. O-O Nf6 8. Be3
c4 9. Nbd2 b5 10. b3 Na5 11. b4 Nc6 12. a4 Be7 13. axb5 Qxb5 14. Bxc4 Qb7 15.
Qa4 O-O 16. Bb5 Rfc8 17. Ba6 Qc7 18. Bxc8 Qxc8 19. Rac1 Nd5 20. Qb3 Bf6 21. Bg5
Bxg5 22. Nxg5 Qd7 23. Ngf3 Nf4 24. Qd1 Qd5 25. h3 Bh5 26. Nb3 Nxh3+ 27. Kh1 Ng5
28. Nbd2 e5 29. c4 Qd6 30. Qb3 Nxf3 31. Nxf3 Qh6 32. Kg1 e4 33. Ne5 Nxd4 34.
Qh3 Ne2+ 35. Kh2 Nxc1 36. Rxc1 Qf4+ 37. g3 Qxe5 38. c5 Bg6 39. Qd7 Bf5 40. Qb7
Qb8 41. Qd5 g6 42. b5 Qd8 43. Qc6 Rc8 44. Qb7 Qc7 45. c6 Qxb7 46. cxb7 Rb8 47.
Rc7 Kf8 48. Kg2 Ke8 49. f3 exf3+ 50. Kxf3 Be6 51. Kf4 Kd8 52. b6 axb6 53. Rc2
Rxb7 54. Rh2 h5 55. Kg5 b5 56. Rd2+ Ke7 57. Kf4 b4 58. Rb2 b3 0-1

[Event "aut_ychb14 St. Georgen"]
[Site "?"]
[Date "2007.??.??"]
[Round "4.10"]
[White "Mueller, Sebastian"]
[Black "Guetz, Andreas"]
[Result "1/2-1/2"]
[WhiteElo "1395"]
[BlackElo "1527"]
[PlyCount "42"]
[EventDate "2007.05.26"]

1. e4 c5 2. Bc4 d6 3. Nf3 Nf6 4. Nc3 Nc6 5. O-O Bg4 6. h3 Bh5 7. Be2 e5 8. d3
Be7 9. Bg5 O-O 10. Bxf6 Bxf6 11. Nd2 Bxe2 12. Nxe2 Qb6 13. Nc4 Qc7 14. Qd2 a5
15. c3 b5 16. Ne3 Qd8 17. Nd5 Bg5 18. f4 exf4 19. Nexf4 a4 20. a3 Na5 21. Qe2
Nb3 1/2-1/2

[Event "aut_ychb14 St. Georgen"]
[Site "?"]
[Date "2007.??.??"]
[Round "5.1"]
[White "Azad, Razik"]
[Black "Schnegg, Daniel"]
[Result "1/2-1/2"]
[WhiteElo "1974"]
[BlackElo "1924"]
[PlyCount "42"]
[EventDate "2007.05.26"]

1. e4 c5 2. Nf3 d6 3. d4 cxd4 4. Nxd4 Nf6 5. Nc3 a6 6. Bg5 e6 7. f4 Nbd7 8. Qf3
Qc7 9. O-O-O b5 10. e5 Bb7 11. Qh3 dxe5 12. Nxe6 fxe6 13. Qxe6+ Be7 14. Bxb5
axb5 15. Nxb5 Qc6 16. Nd6+ Kd8 17. fxe5 Kc7 18. Bxf6 gxf6 19. Qxe7 Rxa2 20.
Nxb7 Ra1+ 21. Kd2 Qd5+ 1/2-1/2

[Event "aut_ychb14 St. Georgen"]
[Site "?"]
[Date "2007.??.??"]
[Round "5.2"]
[White "Riemelmoser, Stefan"]
[Black "Halvax, Georg"]
[Result "0-1"]
[WhiteElo "1717"]
[BlackElo "2008"]
[PlyCount "62"]
[EventDate "2007.05.26"]

1. e4 c5 2. Nf3 Nc6 3. d4 cxd4 4. Nxd4 Nf6 5. Nc3 e5 6. Ndb5 d6 7. Bg5 a6 8.
Na3 b5 9. Nd5 Be7 10. Bxf6 Bxf6 11. c3 Ne7 12. Nc2 Bb7 13. Nce3 Bg5 14. Nxe7
Bxe7 15. Nd5 O-O 16. Qd3 Bxd5 17. Qxd5 Qb6 18. Be2 Rac8 19. O-O Rc5 20. Qd3 Rd8
21. Rfd1 g6 22. g3 Kg7 23. Kg2 Qc6 24. Bf3 Qc8 25. Qe2 Qe6 26. a4 Rb8 27. axb5
Rcxb5 28. Rxa6 Rxb2 29. Qd3 Qb3 30. Ra7 Qb6 31. Qe3 Qxe3 0-1

[Event "aut_ychb14 St. Georgen"]
[Site "?"]
[Date "2007.??.??"]
[Round "5.3"]
[White "Kozomara, David"]
[Black "Hartl, Daniel"]
[Result "1/2-1/2"]
[WhiteElo "1748"]
[BlackElo "1969"]
[PlyCount "54"]
[EventDate "2007.05.26"]

1. e4 Nf6 2. e5 Nd5 3. d4 d6 4. c4 Nb6 5. f4 dxe5 6. fxe5 Nc6 7. Be3 Bf5 8. Nf3
e6 9. Nc3 Bg4 10. Be2 Bxf3 11. gxf3 Be7 12. Ne4 Bh4+ 13. Nf2 Qd7 14. Qd2 O-O-O
15. O-O-O f6 16. f4 Kb8 17. Ne4 Qe7 18. Qc3 fxe5 19. fxe5 Nd7 20. a3 Qe8 21.
Rhg1 Rg8 22. Rg4 g5 23. Bxg5 Bxg5+ 24. Rxg5 Rxg5 25. Nxg5 Qg6 26. h4 h6 27. Nf3
Nb6 1/2-1/2

[Event "aut_ychb14 St. Georgen"]
[Site "?"]
[Date "2007.??.??"]
[Round "5.5"]
[White "Wertjanz, David"]
[Black "Kammerer, Gernot"]
[Result "1/2-1/2"]
[WhiteElo "1885"]
[BlackElo "1687"]
[PlyCount "53"]
[EventDate "2007.05.26"]

1. e4 c5 2. Nf3 Nc6 3. d4 cxd4 4. Nxd4 g6 5. c4 Bg7 6. Be3 Nf6 7. Nc3 O-O 8.
Be2 d6 9. O-O Bd7 10. Re1 Nxd4 11. Bxd4 Bc6 12. Bd3 a5 13. Qd2 Nd7 14. Bxg7
Kxg7 15. Re3 Nf6 16. Rd1 Re8 17. Kh1 Kh8 18. f4 Qb6 19. Nd5 Bxd5 20. exd5 Ng4
21. Re2 Qb4 22. Qe1 Qa4 23. Qc3+ Kg8 24. Bc2 Qb4 25. Qg3 Nf6 26. Qb3 b6 27.
Rde1 1/2-1/2

[Event "aut_ychb14 St. Georgen"]
[Site "?"]
[Date "2007.??.??"]
[Round "5.6"]
[White "Handler, Lukas"]
[Black "Moerwald, Stefan"]
[Result "1-0"]
[WhiteElo "1630"]
[BlackElo "1562"]
[PlyCount "85"]
[EventDate "2007.05.26"]

1. d4 e6 2. c4 d5 3. Nc3 Nf6 4. cxd5 exd5 5. Bg5 Bb4 6. e3 Bxc3+ 7. bxc3 Qd6 8.
Qb3 O-O 9. Bxf6 Qxf6 10. Qxd5 Nd7 11. Bd3 c5 12. Qf5 Qxf5 13. Bxf5 Nf6 14. Bd3
Be6 15. Ne2 Rac8 16. Kd2 Rfd8 17. Nf4 Bd7 18. Rab1 c4 19. Bc2 Bc6 20. f3 Re8
21. Bf5 Rcd8 22. Ne2 g6 23. Bh3 h5 24. e4 g5 25. Bf5 g4 26. Rhe1 b5 27. Kc2 a6
28. d5 Bb7 29. a4 Re5 30. Nd4 gxf3 31. gxf3 Ne8 32. f4 Re7 33. axb5 axb5 34.
Nxb5 Nd6 35. Nxd6 Rxd6 36. Rg1+ Kf8 37. Rg5 Rh6 38. Rb4 Rc7 39. h4 Ke7 40. Kd2
Kf8 41. Ke3 Ba6 42. Rb8+ Ke7 43. e5 1-0

[Event "aut_ychb14 St. Georgen"]
[Site "?"]
[Date "2007.??.??"]
[Round "5.7"]
[White "Gerhold, Christoph"]
[Black "Matt, Fabian"]
[Result "1-0"]
[WhiteElo "1689"]
[BlackElo "1509"]
[PlyCount "53"]
[EventDate "2007.05.26"]

1. c4 e5 2. Nc3 Nf6 3. g3 Nc6 4. Bg2 d6 5. Nf3 Be7 6. O-O Be6 7. d3 Qd7 8. Rb1
O-O 9. b4 a6 10. a4 Bh3 11. Bg5 Bxg2 12. Kxg2 Ne8 13. b5 Nd8 14. Bxe7 Qxe7 15.
Nd5 Qd7 16. Qb3 Ne6 17. bxa6 Rxa6 18. Qxb7 Nc5 19. Qb2 Rxa4 20. Ra1 f5 21. Rxa4
Qxa4 22. Ra1 Qb3 23. Qxb3 Nxb3 24. Ra7 c5 25. Ne7+ Kh8 26. Ra8 g6 27. Ng5 1-0

[Event "aut_ychb14 St. Georgen"]
[Site "?"]
[Date "2007.??.??"]
[Round "5.8"]
[White "Salzer, Tobias"]
[Black "Liao, Kevin"]
[Result "0-1"]
[WhiteElo "1427"]
[BlackElo "1683"]
[PlyCount "64"]
[EventDate "2007.05.26"]

1. d4 Nf6 2. c4 g6 3. Nc3 Bg7 4. e4 d6 5. Nf3 O-O 6. Be2 e5 7. d5 Nh5 8. Nd2
Nf4 9. g3 Nxe2 10. Qxe2 f5 11. b4 f4 12. Bb2 Qg5 13. O-O-O fxg3 14. hxg3 Bg4
15. f3 Bxf3 16. Qd3 Bxd1 17. Nxd1 Nd7 18. Kc2 Nf6 19. Qe2 Qxg3 20. Nf2 Nh5 21.
Nd3 Nf4 22. Nxf4 Rxf4 23. Rh2 Raf8 24. Kc1 Rf2 25. Rxf2 Rxf2 26. Qd1 Bh6 27.
Qa4 Bxd2+ 28. Kd1 Qg1+ 29. Kc2 Be1+ 30. Kb1 Bc3+ 31. Bc1 Rb2+ 32. Ka1 Qxc1# 0-1

[Event "aut_ychb14 St. Georgen"]
[Site "?"]
[Date "2007.??.??"]
[Round "5.9"]
[White "Guetz, Andreas"]
[Black "Dimitriadis, Philipp"]
[Result "1/2-1/2"]
[WhiteElo "1527"]
[BlackElo "1718"]
[PlyCount "107"]
[EventDate "2007.05.26"]

1. e4 e5 2. Nf3 Nc6 3. d4 exd4 4. Nxd4 Bc5 5. Be3 Qf6 6. Nxc6 Bxe3 7. fxe3 dxc6
8. Qd4 Be6 9. Nc3 a6 10. O-O-O Qg6 11. Bc4 Bxc4 12. Qxc4 Ne7 13. g3 b6 14. Qd4
O-O 15. Qd7 Qg5 16. Qxc7 Qxe3+ 17. Kb1 Qc5 18. Rd7 Ng6 19. Rf1 Ne5 20. Re7 Rae8
21. Rxe8 Rxe8 22. a3 b5 23. Nd5 Qc4 24. Rf5 cxd5 25. Rxe5 Rc8 26. Qxc4 dxc4 27.
Re7 g6 28. c3 Rc6 29. Ra7 Kg7 30. Kc2 Kf6 31. Kd2 h6 32. Ke3 Ke6 33. e5 f6 34.
exf6 Kxf6 35. Ra8 Kg5 36. Kf3 Rf6+ 37. Kg2 Rd6 38. Rf8 h5 39. Rf7 Rd2+ 40. Rf2
Rxf2+ 41. Kxf2 Kg4 42. Kg2 h4 43. gxh4 Kxh4 44. h3 g5 45. Kh2 g4 46. hxg4 Kxg4
47. Kg2 Kf4 48. Kf2 Ke4 49. Ke2 a5 50. Kd2 Kf3 51. Kd1 Ke3 52. Ke1 Kd3 53. Kd1
a4 54. Kc1 1/2-1/2

[Event "aut_ychb14 St. Georgen"]
[Site "?"]
[Date "2007.??.??"]
[Round "5.10"]
[White "Mueller, Sebastian"]
[Black "Mrakotsky, Mario"]
[Result "1/2-1/2"]
[WhiteElo "1395"]
[BlackElo "1648"]
[PlyCount "112"]
[EventDate "2007.05.26"]

1. e4 c5 2. Nf3 Nc6 3. d4 cxd4 4. Nxd4 e5 5. Nb5 d6 6. c4 a6 7. N5c3 Nf6 8. Bd3
Be7 9. O-O O-O 10. Na3 Be6 11. b3 Nd7 12. Nc2 f5 13. Ne3 fxe4 14. Bxe4 Rb8 15.
Ned5 Nc5 16. Bc2 Bf6 17. Ne4 Nxe4 18. Bxe4 Nd4 19. Qh5 g6 20. Qd1 Bg7 21. Be3
Qh4 22. f3 Nf5 23. Bxf5 Bxf5 24. Qe1 Qxe1 25. Raxe1 Rf7 26. Rf2 Rc8 27. Rc1 Be6
28. Nb6 Rc6 29. Na4 Rfc7 30. Rff1 d5 31. cxd5 Rxc1 32. Rxc1 Rxc1+ 33. Bxc1 Bxd5
34. Bb2 Kf7 35. Kf2 Bf6 36. g3 e4 37. Bxf6 Kxf6 38. fxe4 Bxe4 39. Nc3 Ke5 40.
Ke3 Bc6 41. Ne2 Bd5 42. Nf4 a5 43. Nxd5 Kxd5 44. Kf4 b5 45. h4 a4 46. Kg5 axb3
47. axb3 b4 48. Kh6 Kd4 49. Kxh7 Kc3 50. Kxg6 Kxb3 51. h5 Kc4 52. h6 b3 53. h7
b2 54. h8=Q b1=Q+ 55. Kf7 Qb7+ 56. Kg6 Qe4+ 1/2-1/2

[Event "aut_ychb14 St. Georgen"]
[Site "?"]
[Date "2007.??.??"]
[Round "6.1"]
[White "Schnegg, Martin"]
[Black "Azad, Razik"]
[Result "1/2-1/2"]
[WhiteElo "1904"]
[BlackElo "1974"]
[PlyCount "42"]
[EventDate "2007.05.26"]

1. e4 c5 2. Nf3 d6 3. d3 Nc6 4. g3 g6 5. Bg2 Bg7 6. O-O e6 7. c3 Nge7 8. Be3
O-O 9. Qd2 b5 10. d4 cxd4 11. Nxd4 a6 12. Nxc6 Nxc6 13. Rd1 Ne5 14. Na3 Ng4 15.
Nc2 Nxe3 16. Nxe3 Bh6 17. Qxd6 Qxd6 18. Rxd6 Bxe3 19. fxe3 e5 20. a4 Be6 21.
axb5 axb5 1/2-1/2

[Event "aut_ychb14 St. Georgen"]
[Site "?"]
[Date "2007.??.??"]
[Round "6.2"]
[White "Halvax, Georg"]
[Black "Kozomara, David"]
[Result "1-0"]
[WhiteElo "2008"]
[BlackElo "1748"]
[PlyCount "93"]
[EventDate "2007.05.26"]

1. e4 c5 2. Nf3 Nc6 3. d4 cxd4 4. Nxd4 d5 5. Bb5 dxe4 6. Nxc6 Qxd1+ 7. Kxd1 a6
8. Nd4+ axb5 9. Nxb5 Bg4+ 10. Ke1 Rd8 11. Bd2 f5 12. N1a3 Nf6 13. Nc4 e6 14.
Ne5 Bc5 15. Nc7+ Ke7 16. Nxg4 Nxg4 17. Bg5+ Nf6 18. Ke2 h6 19. Bxf6+ Kxf6 20.
Rad1 Bd6 21. Nb5 Bxh2 22. g3 f4 23. Nd6 Rxd6 24. Rxd6 fxg3 25. fxg3 Bxg3 26.
Rd7 g5 27. Rxb7 h5 28. a4 h4 29. a5 h3 30. a6 h2 31. a7 Ra8 32. c4 Bd6 33. b4
g4 34. Kf2 Be5 35. Rf1 Kg6 36. Kg2 Rd8 37. Rd7 Rh8 38. Re7 Bd4 39. Rxe6+ Kg5
40. Ra6 h1=Q+ 41. Rxh1 Rf8 42. Rf1 Ra8 43. c5 e3 44. c6 Bc3 45. b5 e2 46. Rb1
Bd4 47. Re1 1-0

[Event "aut_ychb14 St. Georgen"]
[Site "?"]
[Date "2007.??.??"]
[Round "6.3"]
[White "Schnegg, Daniel"]
[Black "Wertjanz, David"]
[Result "1/2-1/2"]
[WhiteElo "1924"]
[BlackElo "1885"]
[PlyCount "63"]
[EventDate "2007.05.26"]

1. e4 c5 2. Nf3 d6 3. d4 cxd4 4. Nxd4 Nf6 5. Nc3 a6 6. Bc4 e6 7. Bb3 b5 8. O-O
Bb7 9. f3 Nbd7 10. Kh1 Nc5 11. Re1 Be7 12. Be3 O-O 13. a3 Qc7 14. Ba2 Rfd8 15.
Bg5 Nfxe4 16. Nxe4 Nxe4 17. Rxe4 Bxg5 18. Rxe6 d5 19. Re2 Bf6 20. Qd3 Qd7 21.
Rae1 Re8 22. Kg1 Rxe2 23. Rxe2 Re8 24. Kf2 Rxe2+ 25. Kxe2 Qc7 26. g3 Bxd4 27.
Qxd4 Qxc2+ 28. Qd2 Qxd2+ 29. Kxd2 Kf8 30. Kd3 Ke7 31. Kd4 Kd6 32. b4 1/2-1/2

[Event "aut_ychb14 St. Georgen"]
[Site "?"]
[Date "2007.??.??"]
[Round "6.4"]
[White "Hartl, Daniel"]
[Black "Handler, Lukas"]
[Result "1/2-1/2"]
[WhiteElo "1969"]
[BlackElo "1630"]
[PlyCount "65"]
[EventDate "2007.05.26"]

1. e4 c6 2. d4 d5 3. e5 c5 4. dxc5 Nc6 5. Bb5 e6 6. Be3 Bd7 7. Bxc6 Bxc6 8. Nf3
Ne7 9. b4 Nf5 10. Bd4 b6 11. cxb6 axb6 12. c3 Ra4 13. O-O Be7 14. Qb3 Bb5 15.
Re1 Qc7 16. Na3 Bd7 17. Nc2 O-O 18. Ne3 Nxe3 19. Bxe3 Rfa8 20. a3 Bb5 21. Bd4
Qa7 22. Rec1 Bd8 23. Nd2 Rxa3 24. Qxa3 Qxa3 25. Rxa3 Rxa3 26. g3 Ra2 27. Be3
Kf8 28. Nb3 Bc4 29. Nd4 b5 30. Rc2 Ra1+ 31. Kg2 Bc7 32. Nf3 Bd3 33. Bc5+
1/2-1/2

[Event "aut_ychb14 St. Georgen"]
[Site "?"]
[Date "2007.??.??"]
[Round "6.5"]
[White "Kammerer, Gernot"]
[Black "Gerhold, Christoph"]
[Result "1-0"]
[WhiteElo "1687"]
[BlackElo "1689"]
[PlyCount "120"]
[EventDate "2007.05.26"]

1. e4 c5 2. Nf3 Nc6 3. d4 cxd4 4. Nxd4 Nf6 5. Nc3 e5 6. Ndb5 d6 7. Bg5 a6 8.
Na3 b5 9. Nd5 Be7 10. Bxf6 Bxf6 11. c3 Bg5 12. Nc2 Rb8 13. Nce3 Bxe3 14. Nxe3
Be6 15. Be2 O-O 16. O-O Ne7 17. Bg4 f5 18. exf5 Nxf5 19. Nxf5 Bxf5 20. Qd5+ Kh8
21. Bxf5 Rxf5 22. Rad1 Rf6 23. Rd2 Qb6 24. Re1 Rbf8 25. Ree2 Qc7 26. a3 Qb6 27.
Qd3 Qc6 28. Qd5 Qb6 29. Qd3 Qc6 30. h3 Rg6 31. Qe4 Qc8 32. Kh2 Qc5 33. Rd5 Qb6
34. f3 Qd8 35. Red2 Qe7 36. Qb4 Rf4 37. Rxd6 Rf8 38. Rxg6 Qxb4 39. axb4 hxg6
40. Rd6 Rf6 41. Rxf6 gxf6 42. Kg3 Kg7 43. b3 Kf7 44. c4 bxc4 45. bxc4 Ke6 46.
Kf2 Kd6 47. Ke3 f5 48. g4 f4+ 49. Ke4 g5 50. c5+ Ke6 51. c6 Kd6 52. c7 Kxc7 53.
Kxe5 Kc6 54. Kf5 Kb5 55. Kxg5 Kxb4 56. h4 a5 57. h5 a4 58. h6 a3 59. h7 a2 60.
h8=Q Kb3 1-0

[Event "aut_ychb14 St. Georgen"]
[Site "?"]
[Date "2007.??.??"]
[Round "6.6"]
[White "Riemelmoser, Stefan"]
[Black "Lehner, Konrad"]
[Result "1/2-1/2"]
[WhiteElo "1717"]
[BlackElo "1724"]
[PlyCount "46"]
[EventDate "2007.05.26"]

1. e4 c5 2. Nf3 Nc6 3. d4 cxd4 4. Nxd4 g6 5. c4 Bg7 6. Be3 Nf6 7. Nc3 d6 8. Be2
O-O 9. O-O a5 10. b3 Nxd4 11. Bxd4 Nd7 12. Bxg7 Kxg7 13. a3 Nb6 14. Rb1 Be6 15.
Qd4+ Kg8 16. h3 Nd7 17. Bg4 Bxg4 18. hxg4 Qb6 19. Qxb6 Nxb6 20. Nd5 Nxd5 21.
exd5 Rac8 22. a4 Rc7 23. Rfe1 Kg7 1/2-1/2

[Event "aut_ychb14 St. Georgen"]
[Site "?"]
[Date "2007.??.??"]
[Round "6.7"]
[White "Liao, Kevin"]
[Black "Dimitriadis, Philipp"]
[Result "0-1"]
[WhiteElo "1683"]
[BlackElo "1718"]
[PlyCount "84"]
[EventDate "2007.05.26"]

1. d4 d5 2. Nf3 e6 3. c4 Nf6 4. Nc3 Nbd7 5. e3 Be7 6. Bd3 dxc4 7. Bxc4 c5 8.
O-O cxd4 9. Nxd4 O-O 10. b3 Ne5 11. Be2 b6 12. Bb2 Bb7 13. Rc1 Rc8 14. Ncb5 a6
15. f4 Ned7 16. Na7 Rxc1 17. Qxc1 Bc5 18. b4 Bxd4 19. Ba3 Qa8 20. exd4 Qxa7 21.
Qe3 Qa8 22. Qg3 Ne4 23. Qh3 Ndf6 24. g4 b5 25. g5 Ne8 26. Bb2 Bd5 27. Bc1 N8d6
28. Bd3 Qa7 29. Bb2 Nf5 30. Rd1 g6 31. Kf1 Ned6 32. a3 Bc4 33. Ba1 Rc8 34. Ke1
Bxd3 35. Qxd3 Nc4 36. Rc1 Rd8 37. a4 Qb7 38. Qf1 Qe4+ 39. Qe2 Nfe3 40. Rxc4
Qh1+ 41. Kf2 Nxc4 42. d5 Qxh2+ 0-1